| 000 | 00522nam a22001817a 4500 | ||
|---|---|---|---|
| 003 | CEME | ||
| 005 | 20210628203727.0 | ||
| 008 | 210415b xxu||||| |||| 00| 0 eng d | ||
| 020 | _a0-13-580077-3 | ||
| 040 | _c. | ||
| 082 | _a621.38132 TRI'P | ||
| 100 |
_aHunter, I.C , Trinogga, L.A , Kaizbou, Guo _967038 |
||
| 245 | _aPractical microstrip circuit design | ||
| 260 |
_aENGLAND _bELLIS HORWOOD _c1991 |
||
| 300 | _a407P | ||
| 650 |
_aMICROWAVE INTEGRATED CIRCUITS STRIP TRANSMISSION LINES _967039 |
||
| 942 |
_cBK _2ddc |
||
| 999 |
_c574895 _d574895 |
||